Australian Building Energy Council (Record no. 120285)

MARC details
000 -LEADER
fixed length control field 00863cam a2200193 4500
001 - CONTROL NUMBER
control field WS122781
008 - FIXED-LENGTH DATA ELEMENTS--GENERAL INFORMATION
fixed length control field 030627n 000 0 eng u
035 ## - SYSTEM CONTROL NUMBER
System control number (Sirsi) u122781
110 ## - MAIN ENTRY--CORPORATE NAME
Corporate name or jurisdiction name as entry element Australian Building Energy Council
9 (RLIN) 4472
245 ## - TITLE STATEMENT
Title Australian Building Energy Council
520 ## - SUMMARY, ETC.
Summary, etc. Web site for this Australian organisation which aims to articulate the views of the construction industry on energy related matters and to develop best practice in the management of greenhouse gas emissions. Includes case studies of good practice and details of their code of practice.
650 ## - SUBJECT ADDED ENTRY--TOPICAL TERM
Topical term or geographic name entry element ORGANISATION
650 ## - SUBJECT ADDED ENTRY--TOPICAL TERM
Topical term or geographic name entry element AUSTRALIA
650 ## - SUBJECT ADDED ENTRY--TOPICAL TERM
Topical term or geographic name entry element INTERNATIONAL
650 ## - SUBJECT ADDED ENTRY--TOPICAL TERM
Topical term or geographic name entry element CONSTRUCTION INDUSTRY
690 ## - LOCAL SUBJECT ADDED ENTRY--TOPICAL TERM (OCLC, RLIN)
Topical term or geographic name as entry element ENVIRONMENTAL AND LAND CONSULTANCY-ENERGY
856 40 - ELECTRONIC LOCATION AND ACCESS
Uniform Resource Identifier <a href="https://www.abec.com.au">https://www.abec.com.au</a>
Public note View the website free of charge at www.abec.com.au...
942 ## - ADDED ENTRY ELEMENTS (KOHA)
Suppress in OPAC 0
Holdings
Withdrawn status Lost status Source of classification or shelving scheme Damaged status Not for loan Home library Current library Shelving location Date acquired Total Checkouts Full call number Barcode Date last seen Copy number Price effective from Koha item type
    Dewey Decimal Classification     Virtual Virtual Online 27/06/2003   WEB SITE 122781-1001 06/08/2019 1 06/08/2019 Online material